| 000 | 01307nam a2200337 c 4500 | ||
|---|---|---|---|
| 003 | BLK | ||
| 005 | 20240219084113.0 | ||
| 008 | 180408b bul|||||r ||||||| ||bul|| | ||
| 010 | _aKNG00090801000 | ||
| 020 |
_a978-954-655-035-4 _bиздат.: Бард |
||
| 040 | _aBLK | ||
| 041 |
_aBUL _cBUL |
||
| 080 |
_aАмериканска литература (на САЩ) _b821.111(73) _x-312.4 _z821.111(73)-312.4 |
||
| 100 | 1 |
_aКорнуел, Патриша Д. _eпърви автор _9243055 |
|
| 700 |
_aБожилов, Венцислав Божидаров _cТеодосиев, Стефан, 1968- (псевдоним) _d1968- _9367877 |
||
| 139 |
_aКорнуел, Патриша Д. _bК 85 |
||
| 245 | 1 | 0 |
_aФронт _bРоман _cПатриша Д. Корнуел; прев. Венцислав Божидаров Божилов. |
| 257 | _aUSA | ||
| 260 |
_аСофия _bБард _c2009 _fХасково : Полиграфюг |
||
| 300 |
_a192 с. _c21 см |
||
| 380 | _aX | ||
| 490 | 1 | _aКралете на трилъра | |
| 500 | _aОриг. загл. The Front / Patricia Cornwell. | ||
| 590 | _aф | ||
| 852 | _aЦб 244903 | ||
| 856 | 4 |
_qpdf _u |
|
| 856 | 4 |
_qpdf _u |
|
| 942 |
_cKNG _n0 _019 |
||
| 944 |
_aCR _c12.08.2009 _lДиана Гривева _k30529 |
||
| 944 |
_aED _c15.06.2011 _lф / _k |
||
| 999 |
_c86181 _d86181 |
||